| 000 | 00945cam a22002775a 4500 | ||
|---|---|---|---|
| 999 |
_c26858 _d26830 |
||
| 005 | 20181001105351.0 | ||
| 008 | 081208r20132009enka frb 001 0 eng d | ||
| 020 | _a9780199251421 | ||
| 040 |
_aStDuBDS _beng _cStDuBDS _dUk _dEG-ScBUE _dEG-ScBUE |
||
| 082 | 0 | 4 |
_a338.542 _bALL _222 |
| 100 | 1 |
_aAllen, Franklin, _d1956- _932173 |
|
| 245 | 1 | 0 |
_aUnderstanding financial crises / _cFranklin Allen and Douglas Gale. |
| 250 | _a1st ed., Reprinted ed. | ||
| 260 |
_aOxford : _bOxford University Press, _c2013. |
||
| 300 |
_axiv, 303 p. : _bill. ; _c24 cm. |
||
| 490 | 0 | _aClarendon lectures in finance | |
| 500 | _aOriginally published : 2007. | ||
| 500 | _aReprint of the 2009 ed. | ||
| 504 | _aIncludes bibliographical references and index. | ||
| 650 | 7 |
_aFinancial crises _2BUEsh _928461 |
|
| 651 | _2BUEsh | ||
| 653 |
_bBUSECO _cSeptember2018 |
||
| 690 | 7 |
_aManagement and Business Studies _2blcoll |
|
| 700 | 1 | _aGale, Douglas. | |
| 942 | _2ddc | ||